000
00337nam a2200145Ia 4500
008
230718s9999 xx 000 0 und d
041
_a
Eng.
082
_a
346.02
_b
KAM-A
100
_a
Kamal, Asmat Kchan
245
0
_a
Aqua tae Controa
260
_a
Pakistan
_b
Law Book Published
_c
2005
300
_a
287
650
_a
Law
999
_c
29416
_d
29416